|
|
|
|
| LEADER |
01309nam a22002652a 4500 |
| 001 |
001737176 |
| 003 |
CZ BrMZK |
| 005 |
20260305101106.0 |
| 007 |
ta |
| 008 |
200322s1961 xr er|||||||||||cze d |
| 015 |
|
|
|a cnb000516556
|
| 035 |
|
|
|a (OCoLC)85332037
|
| 040 |
|
|
|a ABA001
|b cze
|c OSA001
|d ABA001
|d BOA001
|
| 080 |
9 |
|
|a 92 Pottièr, E.+840-13(042)
|
| 100 |
1 |
|
|a Fischer, Jan Otokar,
|d 1923-1992
|7 jk01031265
|4 aut
|
| 245 |
1 |
0 |
|a K 90. výročí Pařížské komuny a vzniku revoluční hymny Internacionály Poslední bitva vzplála :
|b (literární pásmo o E. Pottièrovi, autoru Internacionály) /
|c Jan Otokar Fischer
|
| 260 |
|
|
|a Praha :
|b Československá společnost pro šíření politických a vědeckých znalostí,
|c 1961
|
| 300 |
|
|
|a 44 s. ;
|c 4°
|
| 490 |
1 |
|
|a Studijní materiály pro lektory Československé společnosti pro šíření politických a vědeckých znalostí. Jazyk, literatura a umění
|
| 830 |
|
0 |
|a Jazyk, literatura, umění (Čs. společnost pro šíření politických a vědeckých znalostí
|0 s
|
| 910 |
|
|
|a BOA001
|b X2-0453.225
|
| 990 |
|
|
|a BK
|
| 991 |
|
|
|b 202003
|
| 996 |
6 |
|
|b 2618858739
|c X2-0453.225
|l MZK
|r Sklad / do 24 hodin
|n 0
|w 001789329
|u 000020
|a 1
|e BOA001
|j MZK50
|s P
|
| 996 |
7 |
|
|b 2618858740
|c X2-0453.225
|l MZK
|r Sklad / do 24 hodin
|n 0
|w 001789329
|u 000010
|a 1
|e BOA001
|j MZK50
|s A
|